| 000 | 01032nam a2200265Ia 4500 | ||
|---|---|---|---|
| 999 |
_c5525 _d5525 |
||
| 003 | OSt | ||
| 005 | 20200612203710.0 | ||
| 008 | 191128s1992 ck ad gr 000 0dspa d | ||
| 020 | _a9586161668 | ||
| 040 |
_aCO-JMCR _cCO-JMCR |
||
| 041 | 0 | _aspa | |
| 082 | 0 | 4 |
_a330.126 / _bL864i _223 |
| 100 | 1 |
_aLopez Garavito, Luis F., _eautor _95572 |
|
| 245 | 1 | 0 |
_aIntervencionismo de estado y economía en Colombia / _cLuis F. Lopez Garavito |
| 250 | _aPrimera edición | ||
| 260 |
_aBogotá : _bUniversidad Externado de Colombia, _c1992 |
||
| 300 |
_a409 páginas : _bgráficos a blanco y negro ; _c24 cm. |
||
| 500 | _aIncluye datos biográficos del autor en la cubierta. | ||
| 504 | _aBibliografía: páginas 401-406. | ||
| 505 | _aAspectos históricos de la planeación y la política económica -- Aspectos teóricos de la planeación y la política económica en Colombia | ||
| 650 | 1 | 4 |
_aIntervención del estado _93525 |
| 650 | 2 | 4 |
_a Planificación económica _93241 |
| 650 | 2 | 4 |
_aPolítica económica _95573 |
| 942 |
_2ddc _cBK |
||